[Event "Loire-ch op 0506"]
[Site "Loire"]
[Date "2006.03.04"]
[Round "5"]
[White "Mialon, Franck"]
[Black "Desassis, Gregoire"]
[Result "1/2-1/2"]
[WhiteElo "1370"]
[BlackElo "1670"]
[PlyCount "29"]
[EventDate "2005.11.27"]
[EventType "swiss"]
[EventRounds "6"]
[EventCountry "FRA"]
[SourceTitle "EXT 2008"]
[Source "ChessBase"]
[SourceDate "2007.11.25"]
[SourceVersion "1"]
[SourceVersionDate "2007.11.25"]
[SourceQuality "1"]

1. e4 e6 2. d4 d5 3. exd5 exd5 4. Bd3 Nc6 5. c3 Bd6 6. Nf3 Qe7+ 7. Be3 Nf6 8. 0-0 0-0 9. Bg5 h6 10. Bh4 Bg4 11. Nbd2 g5 12. h3 Bh5 13. g4 Bxg4 14. hxg4 gxh4 15. Nxh4 1/2-1/2

[Event "Loire-ch op 0405"]
[Site "Loire"]
[Date "2005.04.09"]
[Round "5"]
[White "Mialon, Franck"]
[Black "Desassis, Gregoire"]
[Result "0-1"]
[WhiteElo "1410"]
[BlackElo "1660"]
[PlyCount "66"]
[EventDate "2004.10.16"]
[EventType "swiss"]
[EventRounds "9"]
[EventCountry "FRA"]
[SourceTitle "EXT 2008"]
[Source "ChessBase"]
[SourceDate "2007.11.25"]
[SourceVersion "1"]
[SourceVersionDate "2007.11.25"]
[SourceQuality "1"]

1. e4 e6 2. d4 d5 3. Nc3 Bb4 4. Bd2 dxe4 5. Nxe4 Qxd4 6. Bd3 Bxd2+ 7. Qxd2 Qxb2 8. Rc1 Qxa2 9. Nf3 Nc6 10. Qg5 Qa5+ 11. c3 Qxg5 12. Nexg5 Nf6 13. 0-0 0-0 14. Ne4 Nxe4 15. Bxe4 f5 16. Bb1 b6 17. Ba2 Ba6 18. Rfe1 Rae8 19. Ng5 Nd8 20. Rcd1 Bc8 21. Re5 h6 22. Nf3 Nf7 23. Re3 Kh7 24. Bb1 Rd8 25. Rde1 c5 26. h3 c4 27. g4 g6 28. Nh4 Ng5 29. gxf5 gxf5 30. f4 Ne4 31. Kh1 Bb7 32. Bxe4 Bxe4+ 33. Kh2 Rd2+ 0-1